000 00784cam a2200181 4500
001 WB3529-27
008 000000n1999 000 0 eng u
035 _a(Sirsi) u102132
245 _aHouse-hunters enticed into agents' webs.
260 _c1999
490 _aWeekend Financial Times
_v24 July 1999, XV(2)
520 _aLooks at the success of the 'Internet Property Finder', a website listing properties available to buy. It has seen its number of visitors quadruple over the last year and now offers properties throughout the UK, not just London. Internet Property Finder: http://www.propertyfinder.co.uk
650 _aHOUSING MARKET
650 _aINTERNET
650 _aELECTRONIC COMMERCE
690 _aMANAGEMENT-BUSINESS MANAGEMENT-INFORMATION MANAGEMENT
942 _n0
999 _c61223
_d61223